000 00496nam a2200181Ia 4500
001 13774
005 20260306164825.0
008 260306t2002||||xx |||||||||||||| ||spa||
041 _aESP
082 _a005.133J
_bJ79
100 _aJoyanes Aguilar, Luis
_eAUT
245 0 _aProgramación en java 2:
_balgoritmos, estructuras de datos y programación orientada a objetos
260 _c2002
300 _a725 páginas :
_c24 cm.
650 _aGEN
654 _aCCC
942 _cLIB
_dJUS
_fJUS
_2ddc
_n
999 _c13774
_d13774